000
00241nam a2200097Ia 4500
008
240331s9999 xx 000 0 und d
082
_b
THE
100
_a
Thenuka,
245
0
_a
Vannankal vaddivankal :
_b
valar kalai pira chinthanaikal
942
_c
L
999
_c
3684
_d
3684